Wildean Witticisms Quiz Stats

Quiz Updated Oct 16, 2014

Also try: What the Dickens?
Challenge
Share
Tweet
Embed
Score 0/30 Timer 08:00
1 Play Today
% Correct
Education
81.8%
Women
81%
America
79.4%
Temptation
75.6%
Truth
74.9%
Democracy
72.2%
Marriage
71%
Experience
69.3%
Society
67.8%
Cynic
67.3%
Dreamer
65.5%
Memory
65.2%
Fashion
64%
Gentleman
61.9%
Money
61.6%
% Correct
Fathers
61%
Poet
60.5%
England
59.5%
Stupidity
47.9%
Work of art
42.2%
War
40.7%
Work
38.9%
Bad poetry
34.2%
Romance
33.9%
Conversation about the weather
26.9%
Morality
25%
Patriotism
23.1%
Optimism
15.7%
Seriousness
14.5%
Sympathy
8%

You're not logged in!

Compare scores with friends on all Sporcle quizzes.
Sign Up with Email
OR
Log In

You Might Also Like...

Show Comments

Extras

Top Quizzes Today


Score Distribution

Your Account Isn't Verified!

In order to create a playlist on Sporcle, you need to verify the email address you used during registration. Go to your Sporcle Settings to finish the process.